| 000 | 00756nam a2200229 a 4500 | ||
|---|---|---|---|
| 001 | BRCA_2031 | ||
| 005 | 20190320203637.0 | ||
| 008 | 310708s1972----mx-#---###---#000-0#spa-# | ||
| 050 | 4 |
_aND258 _b.C37 1972 |
|
| 100 | 1 |
_aCarrillo y Gariel, Abelardo _91363 |
|
| 245 | 1 | 0 |
_aAutógrafos de pintores coloniales _cAbelardo Carrillo y Gariel. |
| 260 |
_aMéxico _bUNAM, Instituto de Unvestigaciones Estéticas _c1972 |
||
| 300 |
_a177 p. _c24 cm. |
||
| 440 | 0 |
_aEstudios y fuentes del arte en México _n32 _96210 |
|
| 500 | _aEjemplar igual a 306 | ||
| 500 | _aVer también F59 | ||
| 504 | _aBibliografía : p. 173-175 | ||
| 650 | 1 | 4 |
_aPintores _xAutógrafos _zMéxico _96211 |
| 650 | 1 | 4 |
_aAutógrafos _vFacsímil _zMéxico _96212 |
| 902 | _aREF | ||
| 942 |
_2lcc _cB |
||
| 999 |
_c1797 _d1797 |
||